000 00842nam a2200265 a 4500
001 689
003 BR-CuiBMT
005 20231113205234.0
008 231113s2000 spb 001 0 por d
020 _a8520317200
040 _aBR-CuiBMT
_cBR-CuiBMT
080 _22007
_a347.468
090 _a347.468
_bR436g
_c3. ed.
100 1 _aRestiffe Neto, Paulo
_d1933-
245 1 0 _aGarantia fiduciária :
_bdireito e ações : manual teórico e prático com jurisprudência
_cPaulo Restiffe Neto, Paulo Sérgio Restiffe
250 _a3. ed., rev., atual e ampl.
260 _aSão Paulo :
_bRevista dos Tribunais,
_c2000.
300 _a1079 p. ;
_c23 cm
504 _aÍndice.
650 _aAlienação fiduciária em garantia
650 _aFidúcia
650 _aNegócio fiduciário
700 1 _aRestiffe, Paulo Sérgio
942 _2udc
_cLV
999 _c689
_d689